Estatuto de Cataluña : texto castellano publicado en la Gaceta de Madrid del 21 de septiembre de 1932 texto castellano publicado en la Gaceta de Madrid del 21 de septiembre de 1932
Descripción Física:
27 p. ; 16 cm
Materias:
Catalunya. -- Estatut (1932)
MARC
| LEADER | 00000nam a2200000Ia 4500 | ||
|---|---|---|---|
| 001 | 15186 | ||
| 008 | 160829s9999 xx 000 0 cat d | ||
| 080 | |a RF-12-10 | ||
| 100 | |a Catalunya. Estatut (1932) | ||
| 245 | |a Estatuto de Cataluña : |b texto castellano publicado en la Gaceta de Madrid del 21 de septiembre de 1932 | ||
| 250 | |a Ed. en castellano | ||
| 260 | |a Barcelona : |b Imprenta de la Casa de Caridad, [1932] | ||
| 300 | |a 27 p. ; |c 16 cm | ||
| 590 | |a Hi ha un duplicat a: DUP-306. | ||
| 590 | |a Existeix una edició en català | ||
| 610 | 1 | 0 | |a Catalunya. |t Estatut (1932) |9 54030 |
| 856 | 4 | |u https://media.diba.cat/diba/fitxers/arxiu/fulletons/bib_15186_1932_baixa.pdf |y Accés lliure | |
| 856 | 4 | |u https://media.diba.cat/diba/fitxers/arxiu/fulletons/bib_15186_1932_baixa.pdf |y Accés lliure | |
| 901 | |a Arxiu | ||
| 942 | |n 1 |2 udc | ||
| 952 | |0 0 |1 0 |4 0 |6 RF1210 |7 1 |9 48773 |a Arxiu |b Arxiu |d 2016-12-01 |l 0 |o RF-12-10 |p 15186 |r 2016-12-01 00:00:00 |w 2016-12-01 |y ARXIU | ||
| 999 | |c 52604 |d 52604 | ||
| 900 | |a bib_15186_1932_baixa.pdf | ||